| 000 | 00503nam a22001697a 4500 | ||
|---|---|---|---|
| 003 | BD-ChCU | ||
| 005 | 20251228101822.0 | ||
| 008 | 251228b bg ||||| |||| 00| 0 ben d | ||
| 040 | _cBD-ChCU | ||
| 082 | _a519.2 STF | ||
| 100 |
_aStrait, Peggy Tang. _918367 |
||
| 245 |
_aA first course in probability & statistics with applications.// _cPeggy Tang Straitt. |
||
| 260 |
_aNew York _bHarcourt Brace Jovanovich. _c1983 |
||
| 300 | _axix, 581p | ||
| 650 | 0 |
_aProbabilities. _918368 |
|
| 942 |
_2ddc _cBK _n0 |
||
| 999 |
_c110568 _d110568 |
||